30 cidades mais populosas do Brasil - Statistics

Estatísticas Gerais
  • Esse quiz foi jogado 95 vezes
  • A pontuação média é 23 de 30
Estatísticas das Respostas
# População Letra Cidade % Correto
2 6.211.223 R Rio de Janeiro
100%
1 11.451.999 S São Paulo
100%
3 2.817.381 B Brasília
96%
6 2.315.560 B Belo Horizonte
94%
10 1.437.366 G Goiânia
93%
5 2.417.678 S Salvador
93%
4 2.428.708 F Fortaleza
91%
7 2.063.689 M Manaus
91%
11 1.332.845 P Porto Alegre
91%
14 1.139.047 C Campinas
90%
8 1.773.718 C Curitiba
90%
12 1.303.403 B Belém
88%
13 1.291.771 G Guarulhos
87%
9 1.488.920 R Recife
86%
20 833.932 J João Pessoa
84%
24 751.300 N Natal
81%
17 898.100 C Campo Grande
80%
15 1.037.775 S São Luís
80%
19 866.300 T Teresina
80%
26 728.615 O Osasco
77%
16 957.916 M Maceió
74%
21 810.729 S São Bernardo do Campo
70%
28 713.224 U Uberlândia
67%
22 808.161 D Duque de Caxias
57%
25 748.919 S Santo André
55%
29 698.642 R Ribeirão Preto
49%
30 697.054 S São José dos Campos
49%
18 896.744 S São Gonçalo
48%
27 723.682 S Sorocaba
48%
23 785.867 N Nova Iguaçu
46%
Nenhum quiz correspondente encontrado
Distribuição das Pontuações
Porcentagem de Pessoas com Cada Pontuação
Percentil de Números Respondidos
Sua Pontuação Histórica
Você não jogou esse quiz